000 00841nam a2200253 4500
003 OSt
005 20260530115308.0
008 260422b1965 sp |||| |||| 00| 0 spa d
040 _aICI
_bspa
_cICI
050 _aHC51
_bP535
100 1 _aPietsch, Max,
245 1 0 _aLa revolución industrial /
_cMax Pietsch ; traducción de Alejandro Ros
264 1 _bHerder,
_c1965
_aMax Pietsch ; traducción de Alejandro Ros
300 _a150 páginas
_c17.6 cm
336 _atexto
_2rdacontent
337 _asin medio
_2rdamedia
338 _avolumen
_2rdacarrier
490 0 _aPequeña biblioteca Herder ;
_v54-
505 _aContenido; v. 1. De la maquina de vapor a la racionalización
650 4 _aHistoria económica
_y1750-1918
650 4 _aIndustrializacion
_vEstudio de casos
700 1 _aRos, Alejandro,
_etraductor
942 _2lcc
_cBK
999 _c13223
_d13223